<?xml version="1.0" encoding="UTF-8"?>
<record
    xmlns:xsi="http://www.w3.org/2001/XMLSchema-instance"
    xsi:schemaLocation="http://www.loc.gov/MARC21/slim http://www.loc.gov/standards/marcxml/schema/MARC21slim.xsd"
    xmlns="http://www.loc.gov/MARC21/slim">

  <leader>04134cam a2200421Ii 4500</leader>
  <controlfield tag="001">9781315709925</controlfield>
  <controlfield tag="008">180706s2018    xx a    o     000 0 eng d</controlfield>
  <datafield tag="020" ind1=" " ind2=" ">
    <subfield code="a">9781315709925</subfield>
    <subfield code="q">(e-book : PDF)</subfield>
  </datafield>
  <datafield tag="020" ind1=" " ind2=" ">
    <subfield code="a">9781317487388</subfield>
    <subfield code="q">(e-book: Mobi)</subfield>
  </datafield>
  <datafield tag="020" ind1=" " ind2=" ">
    <subfield code="a">9781317487395</subfield>
    <subfield code="q">(e-book: ePub)</subfield>
  </datafield>
  <datafield tag="020" ind1=" " ind2=" ">
    <subfield code="z">9781138856684</subfield>
    <subfield code="q">(hardback)</subfield>
  </datafield>
  <datafield tag="024" ind1="7" ind2=" ">
    <subfield code="a">10.4324/9781315709925 </subfield>
    <subfield code="2">doi</subfield>
  </datafield>
  <datafield tag="040" ind1=" " ind2=" ">
    <subfield code="a">KO</subfield>
    <subfield code="b">eng</subfield>
  </datafield>
  <datafield tag="040" ind1=" " ind2=" ">
    <subfield code="a">FlBoTFG</subfield>
    <subfield code="c">FlBoTFG</subfield>
    <subfield code="e">rda</subfield>
  </datafield>
  <datafield tag="041" ind1="0" ind2=" ">
    <subfield code="a">eng</subfield>
  </datafield>
  <datafield tag="072" ind1=" " ind2="7">
    <subfield code="a">LAW034000</subfield>
    <subfield code="2">bisacsh</subfield>
  </datafield>
  <datafield tag="072" ind1=" " ind2="7">
    <subfield code="a">LAW066000</subfield>
    <subfield code="2">bisacsh</subfield>
  </datafield>
  <datafield tag="100" ind1="1" ind2=" ">
    <subfield code="a">Christodoulou-Varotsi, Iliana,</subfield>
    <subfield code="e">author.</subfield>
  </datafield>
  <datafield tag="245" ind1="1" ind2="0">
    <subfield code="a">Marine Pollution Control :</subfield>
    <subfield code="b">Legal and Managerial Frameworks /</subfield>
  </datafield>
  <datafield tag="250" ind1=" " ind2=" ">
    <subfield code="a">First edition.</subfield>
  </datafield>
  <datafield tag="264" ind1=" " ind2="1">
    <subfield code="a">London :</subfield>
    <subfield code="b">Taylor and Francis,</subfield>
    <subfield code="c">2018.</subfield>
  </datafield>
  <datafield tag="300" ind1=" " ind2=" ">
    <subfield code="a">1 online resource</subfield>
  </datafield>
  <datafield tag="336" ind1=" " ind2=" ">
    <subfield code="a">text</subfield>
    <subfield code="2">rdacontent</subfield>
  </datafield>
  <datafield tag="337" ind1=" " ind2=" ">
    <subfield code="a">computer</subfield>
    <subfield code="2">rdamedia</subfield>
  </datafield>
  <datafield tag="338" ind1=" " ind2=" ">
    <subfield code="a">online resource</subfield>
    <subfield code="2">rdacarrier</subfield>
  </datafield>
  <datafield tag="490" ind1="0" ind2=" ">
    <subfield code="a">Lloyd's Practical Shipping Guides</subfield>
  </datafield>
  <datafield tag="505" ind1="0" ind2="0">
    <subfield code="t">chapter Introductory chapter -- </subfield>
    <subfield code="t">Marine environment protection and shipping regulations /</subfield>
    <subfield code="r"> Iliana Christodoulou-Varotsi -- </subfield>
    <subfield code="t">chapter 1 Marine Pollution From Oil /</subfield>
    <subfield code="r"> Iliana Christodoulou-Varotsi -- </subfield>
    <subfield code="t">chapter 2 The international regulation, prevention and management of marine environmental pollution created by the offshore oil and gas industry /</subfield>
    <subfield code="r"> Wylie Spicer Peter L'Esperance -- </subfield>
    <subfield code="t">chapter 3 Marine oil pollution in the United States of America -- </subfield>
    <subfield code="t">A framework for prevention and response to marine oil pollution incidents /</subfield>
    <subfield code="r"> Antonio Rodriguez Jake Rodriguez -- </subfield>
    <subfield code="t">chapter 4 Marine pollution from sewage /</subfield>
    <subfield code="r"> Iliana Christodoulou-Varotsi -- </subfield>
    <subfield code="t">chapter 5 Marine pollution from wastes /</subfield>
    <subfield code="r"> Iliana Christodoulou-Varotsi -- </subfield>
    <subfield code="t">chapter 6 Frameworks governing marine pollution from the transportation of chemicals by sea /</subfield>
    <subfield code="r"> Iliana Christodoulou-Varotsi -- </subfield>
    <subfield code="t">chapter 7 Air pollution from shipping /</subfield>
    <subfield code="r"> Iliana Christodoulou-Varotsi -- </subfield>
    <subfield code="t">chapter 8 Other sources of marine pollution -- </subfield>
    <subfield code="t">Ballast water, harmful substances in anti-fouling systems, ship-breaking activities and other /</subfield>
    <subfield code="r"> Iliana Christodoulou-Varotsi -- </subfield>
    <subfield code="t">chapter 9 Preparedness, response, and cooperation in the context of marine pollution /</subfield>
    <subfield code="r"> Iliana Christodoulou-Varotsi -- </subfield>
    <subfield code="t">chapter 10 The contribution of the human element to marine pollution control /</subfield>
    <subfield code="r"> Iliana Christodoulou-Varotsi -- </subfield>
    <subfield code="t">chapter 11 Legal aspects of marine pollution from ships /</subfield>
    <subfield code="r"> Iliana Christodoulou-Varotsi.</subfield>
  </datafield>
  <datafield tag="520" ind1="2" ind2=" ">
    <subfield code="a">"This book discusses in a concise manner the key aspects that are important for the understanding of regulations and managerial framework governing marine pollution. It identifies the practical context in which marine pollution comes into play and addresses the international legal regime governing the numerous sources of marine pollution, as well as the ways in which these regulations affect the conduct of day-to-day shipping operations.With illustrations, case studies, emphasis boxes, references to case law and to national jurisdictions and other tools facilitating understanding and knowledge, readers will find helpful guidance on:the sources of marine pollution (including ship-source pollution and pollution from the offshore oil and gas sector);the forms of cooperation needed in order to tackle the prevention, management and response to marine pollution; overview of MARPOL Convention, other key IMO conventions, and selected regional regimes;legal ramifications, including P &amp; I Clubs and limitation of liability;involvement of the flag State, coastal State and port State;industry best practice;the human elementMarine Pollution Control will be a useful guidance tool for shipping Industry professionals, (P &amp; I) Clubs, Legal practitioners, maritime administrators, as well as academics and students of marine pollution. "--Provided by publisher.</subfield>
  </datafield>
  <datafield tag="650" ind1=" " ind2="0">
    <subfield code="a">Environmental law.</subfield>
  </datafield>
  <datafield tag="650" ind1=" " ind2="0">
    <subfield code="a">Maritime law.</subfield>
  </datafield>
  <datafield tag="650" ind1="0" ind2="4">
    <subfield code="a">Environmental Law - Law</subfield>
  </datafield>
  <datafield tag="650" ind1="0" ind2="4">
    <subfield code="a">Maritime Law for Professionals</subfield>
  </datafield>
  <datafield tag="650" ind1="0" ind2="4">
    <subfield code="a">Shipping &amp; Maritime Law</subfield>
  </datafield>
  <datafield tag="856" ind1="4" ind2="0">
    <subfield code="u">https://www.taylorfrancis.com/books/9781315709925</subfield>
    <subfield code="z">Click here to view.</subfield>
  </datafield>
  <datafield tag="904" ind1=" " ind2=" ">
    <subfield code="a">RUDRA_R</subfield>
  </datafield>
  <datafield tag="905" ind1=" " ind2=" ">
    <subfield code="a">R_RANJAN</subfield>
  </datafield>
  <datafield tag="942" ind1=" " ind2=" ">
    <subfield code="c">EB</subfield>
  </datafield>
  <datafield tag="999" ind1=" " ind2=" ">
    <subfield code="c">3067</subfield>
    <subfield code="d">3067</subfield>
  </datafield>
</record>
